Largest Cities in Each Square - Statistics

General Stats
  • This quiz has been taken 1,929 times
  • The average score is 47 of 124
Answers on the Map
Answers color-coded by a green-red scale on the quiz's map according to % correct below.
 
Answer Stats
Answer % Correct
New York
95%
Paris
95%
London
94%
Moscow
92%
Los Angeles
90%
Mexico City
89%
Tokyo
88%
Sydney
86%
Istanbul
85%
Cairo
84%
Delhi
82%
Beijing
80%
Buenos Aires
79%
Shanghai
79%
Lima
78%
Bangkok
76%
Cape Town
76%
Jakarta
76%
Perth
76%
Sao Paulo
76%
Houston
75%
Mumbai
75%
Santiago
74%
Bogota
72%
Ankara
71%
Lagos
71%
Melbourne
71%
San Francisco
71%
Reykjavik
68%
St Petersburg
66%
Auckland
65%
Caracas
64%
Johannesburg
61%
Nuuk
61%
Anchorage
60%
Nairobi
60%
Casablanca
59%
Dar es Salaam
58%
Kinshasa
57%
La Paz
54%
Dakar
53%
Alexandria
52%
Brisbane
52%
Karachi
52%
Denver
51%
Colombo
50%
Guangzhou
44%
Khartoum
44%
Sapporo
44%
Chongqing
41%
Honolulu
40%
Port Moresby
40%
Tashkent
40%
Edmonton
39%
Juneau
39%
Jacksonville
38%
Manaus
37%
Santo Domingo
37%
Christchurch
36%
N'Djamena
34%
Halifax
33%
Ho Chi Minh City
30%
Urumqi
29%
Yaounde
29%
Conakry
27%
Salvador
27%
Novosibirsk
26%
Fairbanks
24%
Yekaterinburg
24%
Harare
23%
San Juan
23%
Suva
23%
Victoria
23%
Oulu
22%
Surabaya
21%
Arkhangelsk
20%
Belem
19%
Davao
19%
Hobart
19%
Kano
19%
Saskatoon
18%
Honiara
15%
Port Louis
15%
Punta Arenas
15%
Barrow
14%
Apia
13%
Krasnoyarsk
13%
Magadan
13%
Akureyri
12%
Petropavlovsk-Kamchatsky
12%
Townsville
11%
Agadir
10%
Curitiba
10%
Dunedin
10%
Norilsk
10%
Arequipa
9%
Chita
8%
Majuro
8%
Tarawa
8%
Comodoro Rivadavia
6%
Rajkot
6%
Anadyr
5%
Labrador City
5%
Vorkuta
5%
Baotou
3%
Inuvik
3%
Cambridge Bay
2%
Geraldton
2%
Qaqortoq
2%
Sorong
2%
Hagatna
1%
Moosonee
1%
Puerto Ayora
1%
Tasiilaq
1%
Weno
1%
Beringovskii
0%
Bilibino
0%
Deputatsky
0%
Iglooik
0%
Khatanga
0%
Manihiki
0%
Udachny
0%
Wotje
0%
No matching quizzes found
Score Distribution
Percent of People with Each Score
Percentile by Number Answered
Your Score History
You have not taken this quiz